Every Place In Dodge County, WI - Statistics

General Stats
  • This quiz has been taken 2 times
  • The average score is 4 of 19
Answer Stats
Letter Population Answer % Correct
B 16,307 Beaver Dam
100%
H 3,955 Horicon
50%
M 5,211 Mayville
50%
T 1,294 Theresa
50%
W 22,458 Watertown
50%
W 10,913 Waupun
50%
B 676 Brownsville
0%
C 389 Clyman
0%
F 1,721 Fox Lake
0%
H 1,063 Hustisford
0%
I 925 Iron Ridge
0%
J 2,723 Juneau
0%
K 875 Kekoskee
0%
L 280 Lac La Belle
0%
L 2,666 Lomira
0%
L 299 Lowell
0%
N 578 Neosho
0%
O 568 Oconomowoc Lake
0%
R 760 Reeseville
0%
No matching quizzes found
Score Distribution
Percent of People with Each Score
Percentile by Number Answered
Your Score History
You have not taken this quiz